The role of Loan Officers and Clients in the diffusion of microfinance: A study of Pride Zambia and CetZam in Zambia (Record no. 56681)

MARC details
000 -LEADER
fixed length control field 00550nam a2200121 a 4500
008 - FIXED-LENGTH DATA ELEMENTS--GENERAL INFORMATION
fixed length control field 080904s2006 ||||||||||||||||| || u
050 ## - LIBRARY OF CONGRESS CALL NUMBER
Classification number THESIS/POSTGRADUATE
100 ## - MAIN ENTRY--PERSONAL NAME
Personal name Siwale, Juliana, Nangogo
245 14 - TITLE STATEMENT
Title The role of Loan Officers and Clients in the diffusion of microfinance: A study of Pride Zambia and CetZam in Zambia
260 ## - PUBLICATION, DISTRIBUTION, ETC.
Place of publication, distribution, etc. Durham
Name of publisher, distributor, etc. Durham University
Date of publication, distribution, etc. 2006
350 ## - PRICE (NR) (BK AM CF MU VM SE) [OBSOLETE]
Price 0.00
995 ## - RECOMMENDATION 995 [LOCAL, UNIMARC FRANCE]
-- 0.00
-- CBU-MAIN LIBRARY (Kitwe)
-- 1
-- 0.00
-- 1
-- AVAILABLE
-- Sep 4, 2008
-- University Collection
Holdings
Withdrawn status Lost status Source of classification or shelving scheme Damaged status Not for loan Home library Current library Shelving location Date acquired Total Checkouts Full call number Barcode Date last seen Price effective from Koha item type
          CBU-MAIN LIBRARY, KITWE. CBU-MAIN LIBRARY, KITWE.   11/30/2022   THESIS/POSTGRADUATE Z03002616 11/30/2022 11/30/2022 MONOGRAPH